Practical radio communication : (Record no. 183048)
[ view plain ]
| 000 -LEADER | |
|---|---|
| fixed length control field | 01259 a2200205 4500 |
| 003 - CONTROL NUMBER IDENTIFIER | |
| control field | Nust |
| 005 - DATE AND TIME OF LATEST TRANSACTION | |
| control field | 20250923170452.0 |
| 040 ## - CATALOGING SOURCE | |
| Transcribing agency | Nust |
| 082 ## - DEWEY DECIMAL CLASSIFICATION NUMBER | |
| Classification number | 621.384,NIL |
| 100 ## - MAIN ENTRY--PERSONAL NAME | |
| Personal name | Nilson, Arthur R. |
| 9 (RLIN) | 130664 |
| 245 ## - TITLE STATEMENT | |
| Title | Practical radio communication : |
| Remainder of title | principles, systems, equipment-operation / |
| Statement of responsibility, etc. | Arthur R. Nilson and J. L. Hornung |
| 250 ## - EDITION STATEMENT | |
| Edition statement | 2nd ed |
| 260 ## - PUBLICATION, DISTRIBUTION, ETC. | |
| Place of publication, distribution, etc. | London |
| Name of publisher, distributor, etc. | McGraw-Hill |
| Date of publication, distribution, etc. | 1943 |
| 300 ## - PHYSICAL DESCRIPTION | |
| Extent | xxiii, 927 p. |
| 505 ## - FORMATTED CONTENTS NOTE | |
| Formatted contents note | Direct-Current Electricity and Magnetism (Page-1) Alternating-Current Electricity (Page-60) Introduction to Radio Tubes and Circuits (Page-105) Transmitting-Circuit Principles (Page-148) Receiving-Circuit Principles (Page-203) Electronic Power Supplies (Page-293) Antenna and Wave Propagation (Page-343) Frequency Modulation (Page-388) Aviation Radio Communication (Page-430) Broadcast Studio (Page-500) Broadcast Control Room (Page-542) Broadcast AM Transmitters (Page-592) Marine Radio Transmitters (Page-648) Marine Radio Receivers (Page-722) Marine Automatic Radio Alarms (Page-754) Marine Radio Direction Finders (Page-780) Motors and Generators (Page-818) Storage Batteries (Page-863) |
| 538 ## - SYSTEM DETAILS NOTE | |
| System details note | Almirah No. 39 Shelf No.1 |
| 650 ## - SUBJECT ADDED ENTRY--TOPICAL TERM | |
| Topical term or geographic name entry element | Radio |
| 700 ## - ADDED ENTRY--PERSONAL NAME | |
| Personal name | Hornung, J. L. |
| 9 (RLIN) | 130665 |
| 942 ## - ADDED ENTRY ELEMENTS (KOHA) | |
| Source of classification or shelving scheme | |
| Koha item type | Book |
| Withdrawn status | Lost status | Source of classification or shelving scheme | Damaged status | Not for loan | Permanent Location | Current Location | Shelving location | Date acquired | Full call number | Barcode | Date last seen | Price effective from | Koha item type | Public note |
|---|---|---|---|---|---|---|---|---|---|---|---|---|---|---|
| Military College of Signals (MCS) | Military College of Signals (MCS) | General Stacks | 12/12/2016 | 621.384,NIL | MCS6423 | 12/08/2016 | 12/12/2016 | Book | Almirah No.84, Shelf No.1 |
